000 00651nam a2200253Ia 4500
003 OSt
005 20221007110744.0
006 a|||||r|||| 00| 0
007 ta
008 221006b |||||||| |||| 00| 0 hin d
024 _a21,792
037 _cTextual
040 _aLCO
_cLCO
_bhin
041 _2hin
_ahin
082 _aZ2,9298, P8
100 _aKesari U.P.D
_9682232
245 0 _aPrashasnik Vidhi
250 _a20th
260 _aAllahabad
_bCentral Law Publication India
_c2008
300 _a488
650 _aADMINISTRATIVE LAW
_9681514
942 _hZ2,9298, P8
_cTEXL
999 _c1191355
_d1191355